Najludniejsze Państwa Świata - Statystyki

Ogólne statystyki
  • Ten quiz został rozwiązany 57 razy
  • Średni wynik to 9 z 30
Statystyki odpowiedzi
Hint Odpowiedź % Poprawnych
1,41 mld Indie
100%
1,4mld Chiny
98%
337 mln Stany Zjednoczone
96%
277 mln Indonezja
64%
225 mln Nigeria
49%
217 mln Brazylia
45%
242 mln Pakistan
45%
142 mln Rosja
45%
165 mln Bangladesz
40%
129 mln Meksyk
34%
84 mln Niemcy
32%
124 mln Japonia
30%
68 mln Francja
28%
107 mln Egipt
23%
114 mln Filipiny
21%
113 mln Etiopia
19%
68 mln Wielka Brytania
19%
83 mln Turcja
15%
61 mln Włochy
15%
108 mln Demokratyczna Republika Konga
13%
86 mln Iran
13%
69 mln Tajlandia
13%
103 mln Wietnam
13%
49 mln Kolumbia
9%
57 mln Republika Południowa Afryka
9%
47 mln sudan
6%
63 mln Tanzania
6%
57 mln Birma
4%
55 mln Kenia
2%
51 mln Korea Południowa
2%
Nie znaleziono quizów pasujących do podanych kryteriów
Rozkład punktacji
Procent ludzi z każdym wynikiem
Percentyl według liczby udzielonych odpowiedzi
Twoja historia wyników
Nie rozwiązałeś tego quizu